000 00508nam a2200181 4500
005 20250930142211.0
020 _a9966287787
_cTZS 19,800/=
040 _aMCCL
_beng.
_eAACR 2nd rev. ed.
082 _a657.48 SAL
100 _aSaleemi, Nisar Ahmad
245 _aFinancial accounting simplified
_c/ Nisar Ahmad Saleemi
260 _aNairobi :
_bSaleemi Publications Ltd.,
_cc2012.
300 _a494 p. :
_bill. ;
_c25 cm.
546 _aeng.
650 _aAccounting
700 _aSaleemi, N. A.
942 _cBK
999 _c11428
_d11428